Normale Ansicht
MARC-Ansicht
Eintrag Personenname
001 - Kontrollnummer
- Kontrollfeld: 67637
003 - Kontrollnummer Identifier
- Kontrollfeld:
005 - Datum und Zeit der letzten Transaktion
- Kontrollfeld: 20251120110740.0
008 - Datenelemente mit fester Länge
- Kontrollfeld mit fester Länge: 251120|| aca||aabn | a|a d
040 ## - Katalogisierungsquelle
- Original-Katalogisierungsstelle:
- Übertragungsstelle:
100 ## - Ansetzung - Personenname
- Personenname: Loheit, Jan (Hrsg.); Pabst, Stephan (Hrsg.)
670 ## - Datenquelle
- Quellenangabe: Work cat.: ()73209: Loheit, Jan (Hrsg.); Pabst, Stephan (Hrsg.) aut, Transformationsangst und Nostalgie